000
00329 a2200157 4500
001
59892
020
_a
9783570219935
040
_c
Anchieta - Pituba
100
_a
Markl, Gregor
240
1
0
_a
Die erde
_l
por
245
1
0
_a
Die erde
300
_a
240
362
0
_a
2008
650
4
_a
Literatura infantil em alemão
942
_c
BK
999
_c
59892
_d
59892